| 000 | 00687nam a2200181 i 4500 | ||
|---|---|---|---|
| 001 | 112784 | ||
| 003 | ES-MaACL | ||
| 005 | 20250816063139.0 | ||
| 008 | 061121s1928 xxu |||| | eng d | ||
| 100 | 1 |
_aNóvoa Santos, Roberto, _d1885-1933 _986096 |
|
| 245 | 1 | 4 |
_aThe effect of duodenal secretin upon the secretion of insulin by the pancreas / _cRoberto Nóvoa Santos. |
| 260 |
_aLos Angeles [California] : _b[s.n.], _c1928. |
||
| 300 |
_a2 h. ; _c24 x 16 cm. |
||
| 595 | _aTrabajo publicado en: The Bulletin of the Association for the Study of Internal Secretion, v. XII, n. 2. | ||
| 650 | 4 |
_aInsulina. _9165141 |
|
| 852 |
_aES-MaACL _j1798-F-19 |
||
| 999 |
_c112784 _d112784 |
||